| 000 | 00462nam a2200193Ia 4500 | ||
|---|---|---|---|
| 008 | 210210b2009 xxu||||| |||| 00| 0 eng d | ||
| 020 | _a8190840657 | ||
| 041 | _aeng | ||
| 082 | _a574.19233 BHUC | ||
| 100 | _aBHUTANI (S P) | ||
| 245 | _aChemistry of biomolecules | ||
| 260 |
_aNew Delhi _bAne Books Pvt. Ltd. _c2009 |
||
| 300 | _axiv,290 | ||
| 650 | _aof | ||
| 650 | _aChemistry | ||
| 650 | _abiomolecules | ||
| 690 | _aBiochemistry | ||
| 906 | _a064753 | ||
| 999 |
_c141708 _d141708 |
||